Ríos de Europa - muerte súbita - Estadísticas

Estadísticas generales
  • Esta prueba ha sido intentada 817 veces
  • La puntuación promedio es 9 de 16
Answers on the Grid
Answers color-coded by a green-red scale on the quiz's grid according to % correct below.
Danubio
Ebro
Tajo
Ródano
Sena
Vístula
Loira
Dniéper
Támesis
Po
Spree
Shannon
Drava
Guadalquivir
Amstel
Oder
Orange
Juba
Kolimá
Aldán
Rímac
Volta
Biobío
Columbia
 
Estadísticas de respuestas
Respuesta % Correcto
Tajo
85%
Ebro
83%
Sena
83%
Guadalquivir
82%
Danubio
80%
Támesis
80%
Po
75%
Loira
68%
Dniéper
65%
Ródano
60%
Vístula
55%
Oder
47%
Amstel
33%
Drava
21%
Spree
16%
Shannon
13%
No se encontraron pruebas coincidentes
Distribución de puntuación
Porcentaje de gente con cada puntuación
Porcentaje por número respondido
Historial de tus puntuaciones
No has intentado esta prueba.